Normal view
MARC view
Entry Personal Name
001 - CONTROL NUMBER
- control field: 72223
003 - CONTROL NUMBER IDENTIFIER
- control field: dpl
005 - DATE AND TIME OF LATEST TRANSACTION
- control field: 20240930165946.0
008 - FIXED-LENGTH DATA ELEMENTS
- fixed length control field: 240930|| aca||aabn | a|a d
040 ## - CATALOGING SOURCE
- Original cataloging agency: dpl
- Transcribing agency: dpl
100 ## - HEADING--PERSONAL NAME
- Personal name: सहाय, साकेत कुमार
670 ## - SOURCE DATA FOUND
- Source citation: Work cat.: (dpl)205954: सहाय, साकेत कुमार, वित्त, बैंकिंग एवं भाषा: विविध आयाम, 2023
